Normal view MARC view
  • Olveda, Jaime

Entry Nombre Personal

Number of records used in: 8

001 - NUMERO DE CONTROL

  • campo de control: 29778

003 - IDENTIFICADOR DE NUMERO DE CONTROL

  • campo de control: DLC

005 - FECHA Y HORA DE LA ÜLTIMA TRANSACCIÓN

  • campo de control: 20230510091807.0

008 - DATOS DE LONGITUD FIJA

  • campo de control de longitud fija: 230510n| azannaabn |a aaa

010 ## - NÚMERO DE CONTROL DE LA BIBLIOTECA DEL CONGRESO

  • Número de control LC: n 82145524

035 ## - NUMERO DE CONTROL

  • Número de control: (OCoLC)oca00841611

035 ## - NUMERO DE CONTROL

  • Número de control: (CaEvSKY)skya1911860

040 ## - FUENTE DE CATALOGACIÓN

  • Agencia original de catalogación: DLC
  • Lenguaje de catalogación: spa
  • Agencia de transcripción: DLC
  • Agencia que lo modifica: TxU
  • Agencia que lo modifica: DLC
  • Agencia que lo modifica: OCoLC
  • Agencia que lo modifica: MX-MxCID
  • Agencia que lo modifica: MX-MxUPN

100 1# - ENCABEZAMIENTO - NOMBRE PERSONAL

  • Nombre personal: Olveda, Jaime

372 ## - CAMPO DE ACTIVIDAD

  • Field of activity: Historia
  • Fuente del término: lcsh

373 ## - GRUPO ASOCIADO

  • Associated group: Universidad Nacional Autónoma de México
  • Associated group: Colegio de Jalisco
  • Fuente del término: naf

374 ## - OCUPACIÓN

  • Occupation: Profesor
  • Occupation: Investigador

375 ## - GÉNERO

  • Gender: masculino

377 ## - LENGUA ASOCIADA

  • Language code: spa

400 1# - VEÁSE - NOMBRE DE PERSONA

  • Personal name: Olveda Legaspi, Jaime

400 1# - VEÁSE - NOMBRE DE PERSONA

  • Personal name: Legaspi, Jaime Olveda

400 1# - VEÁSE - NOMBRE DE PERSONA

  • Personal name: Olvera, Jaime

670 ## - FUENTE EN LA QUE SE LOCALIZARON DATOS

  • Cita de la fuente: En su obra: La política de Jalisco durante la primera época federal, 1976

670 ## - FUENTE EN LA QUE SE LOCALIZARON DATOS

  • Cita de la fuente: Colima, 1988:
  • Información localizada: portada (Jaime Olvera) página 23 (Jaime Olveda)

670 ## - FUENTE EN LA QUE SE LOCALIZARON DATOS

  • Cita de la fuente: Asociación Mexicana de Historia Económica, via WWW, Nov. 03, 2015:
  • Información localizada: (Olveda Legaspi Jaime, Doctor en Historia, UNAM, Profesor-investigador de El Colegio de Jalisco)
  • Uniform Resource Identifier: http://www.economia.unam.mx/amhe/socios/info/socios_olveda.html

902 ## - CATALOGADOR

  • Catalogador: NDAF/100523